000 00433nam a2200193Ia 4500
005 20240823020457.0
008 240823s9999||||xx |||||||||||||| ||und||
020 _a81-7167-494-1
041 _aENGLISH
082 _A823 P4
100 _aVirginia Woolf
245 0 _aMrs Dalloway
250 _a2nd
260 _c2004
_b"Rupa,New "
_aNew Delhi
500 _aYES
650 _aGeneral
_bGeneral
942 _cBK
999 _c174845
_d174845